| 000 | 00417nam a2200157Ia 4500 | ||
|---|---|---|---|
| 003 | IN-BaIIA | ||
| 008 | 211028s9999 xx 000 0 eng d | ||
| 040 | _cIIA Library | ||
| 080 |
_a523.745 _bSHI |
||
| 100 |
_aShine, Richard Alan _935781 |
||
| 245 | 0 |
_aPhysical properties of solar flares _cRichard Alan Shine |
|
| 260 |
_aTucson _bWisconsin _c1973 |
||
| 300 | _a310p. | ||
| 650 |
_aSolar flares _94046 |
||
| 942 | _cBK | ||
| 999 |
_c18698 _d18698 |
||